000 00674nam a22002417a 4500
003 UA-OsUOA
001 52588
007 ta
008 20150716b un ||||| |||| 00| 0 ukr d
100 _aПотічний П.
090 _a82-94
_bП64
942 _cBK
040 _aUA-OsUOA
_bukr
_cUA-OsUOA
_dUA-OsUOA
245 _aМоя дорога. Спогади.
300 _a344 с.
955 _a1
041 _aukr
080 _a82-94
260 _aК.
_c2014
650 7 _a82 Література. Літературознавство
_2UDC
999 _c432697
_d432697